Spell the Marvel Villain #3 - Statistics

General Stats
  • This quiz has been taken 23 times
  • The average score is 9 of 13
Answer Stats
Picture Answer % Correct
Carnage
100%
Spot
100%
Thanos
95%
Enchantress
81%
Nebula
81%
Mysterio
67%
Owl
52%
Pyro
52%
Annihilus
48%
Armadillo
48%
Space Phantom
48%
High-Evolutionary
43%
Psycho-Man
38%
No matching quizzes found
Score Distribution
Percent of People with Each Score
Percentile by Number Answered
Your Score History
You have not taken this quiz